Normal view
MARC view
Entry Personal Name
001 - CONTROL NUMBER
- control field: 11542
003 - CONTROL NUMBER IDENTIFIER
- control field: ARRUPE
005 - DATE AND TIME OF LATEST TRANSACTION
- control field: 20140924133920.0
008 - FIXED-LENGTH DATA ELEMENTS
- fixed length control field: 140924|| aca||aabn | a|a d
040 ## - CATALOGING SOURCE
- Original cataloging agency: ARRUPE
- Transcribing agency: ARRUPE
100 ## - HEADING--PERSONAL NAME
- Personal name: Seidler, John,
- Dates associated with a name: 1933-1985.
670 ## - SOURCE DATA FOUND
- Source citation: Work cat.: (ARRUPE)0: Seidler, John, 1933-1985., Conflict and change in the Catholic Church /, c1989.